Analýza efektívnosti medzinárodnej špecializácie a kooperácie výroby vo VHJ ZŤS Martin so zameraním sa na podmienky ZŤS Detva záverečná práca postgraduálneho štúdia

Saved in:
Bibliographic Details
Main Author: Mokoš, Július
Corporate Author: Vysoká škola ekonomická v Bratislave
Other Authors: Sršňová, Jana
Format: Book
Language:Slovak
Published: Bratislava 1988
Tags: Add Tag
No Tags, Be the first to tag this record!

MARC

LEADER 00000nam a2200000 4500
001 c028124
005 20230116091252.5
041 0 |a slo 
044 |a SK 
245 1 0 |a Analýza efektívnosti medzinárodnej špecializácie a kooperácie výroby vo VHJ ZŤS Martin so zameraním sa na podmienky ZŤS Detva  |b záverečná práca postgraduálneho štúdia  |c Július Mokoš ; Ved. práce Jana Sršňová 
264 1 |a Bratislava  |c 1988 
300 |a 37 s. 
100 1 |a Mokoš, Július 
700 1 |a Sršňová, Jana 
710 2 |a Vysoká škola ekonomická v Bratislave